Las claves del arte precolombino : como identificarlo /

Salvato in:
Dettagli Bibliografici
Autore principale: Alciana, José
Natura: Sconosciuto
Lingua:Spanish
Pubblicazione: España : Editorial Ariel S. A., 1988.
Serie:(Colección de las claves del arte)
Soggetti:
Tags: Aggiungi Tag
Nessun Tag, puoi essere il primo ad aggiungerne!!

MARC

LEADER 000000000a22000000004500
001 003903
020 |a 8434404567 
041 0 |a spa 
082 0 4 |a 709.2   |b A352c 
100 1 |a Alciana, José 
245 1 4 |a Las claves del arte precolombino :   |b como identificarlo /   |c José Alciana. 
260 1 |a España :   |b Editorial Ariel S. A.,   |c 1988. 
300 |a 78 páginas 
490 1 |a (Colección de las claves del arte) 
650 4 |a ARTE PRECOLOMBINO 
999 |c 10239  |d 10239 
942 |c BK  |h 709.2 A352c  |2 z